000 00632nam a2200241 a 4500
001 nice12345678
003 IN_TiNIC
005 20260116012117.0
008 050524s1957 bana grp 000 0 eng
020 _a
_c3
082 0 0 _a226.3
_bPAU
100 _aPaul, Geoffrey J
245 _aGospel According to Saint Mark
_b Introduction and Commentary.
260 _aBangalore
_bSenate of Serampore College
_c1957
300 _a266p
500 _aincludes index and biblioraphy
505 2 _aIndex, Maps
650 _aBible N.T. Gospel Mark
700 1 _aPaul, Geoffrey J
902 _bSRS
942 _cBK
999 _c5679
_d5679